000 00279nam a22001337a 4500
008 170927b xxu||||| |||| 00| 0 eng d
020 _a9781599233802
041 _aeng
080 _a37
100 _a47
101 _aEDU
245 _aTHE SKINNYON
_cRANDEL,J
942 _2udc
_cBK
999 _c30247
_d30247